000 00433nam a22001697a 4500
003 NUST - PNEC
005 20170116180854.0
008 150827b xxu||||| |||| 00| 0 eng d
020 _a0471599646
040 _cLIBRARY
082 _a620.0042 ERI
100 _95899
_a Ertas, Atila
245 _aThe engineering design process
_c Atila,Ertas
260 _cc 1993
650 _95900
_aEngineering design
_xEE / EL
942 _2ddc
_cBK
999 _c64746
_d64746